[Event "Gatineau Defi Nez-B"]
[Site "Gatineau"]
[Date "2009.11.24"]
[Round "2"]
[White "Thibault, David"]
[Black "Menard, Marc"]
[Result "1-0"]
[WhiteElo "1655"]
[BlackElo "1458"]
[PlyCount "53"]
[EventDate "2009.11.17"]
[EventType "swiss"]
[EventRounds "5"]
[EventCountry "CAN"]
[SourceTitle "EXT 2011"]
[Source "ChessBase"]
[SourceDate "2010.11.26"]
[SourceVersion "1"]
[SourceVersionDate "2010.11.26"]
[SourceQuality "1"]

1. e4 e5 2. Nf3 Nc6 3. Bc4 Nf6 4. Nc3 Bb4 5. d3 d5 6. exd5 Nxd5 7. Bd2 Be6 8. Bb5 f6 9. Bxc6+ bxc6 10. Ne4 Bxd2+ 11. Qxd2 0-0 12. 0-0 Rb8 13. b3 Bg4 14. Ne1 Nf4 15. Ng3 Qd4 16. Rb1 Rfd8 17. h3 Be6 18. Qe3 c5 19. Ne4 Rb5 20. Kh2 Nd5 21. Qg3 Nf4 22. Nxf6+ Kf7 23. Nxh7 Rh8 24. Ng5+ Kf8 25. Nxe6+ Nxe6 26. Nf3 Qf4 27. Nxe5 1-0

[Event "Gatineau Hull CC-chB"]
[Site "Gatineau"]
[Date "2009.04.21"]
[Round "2"]
[White "Thibault, David"]
[Black "Pilon, Robert"]
[Result "0-1"]
[WhiteElo "1632"]
[BlackElo "1337"]
[PlyCount "70"]
[EventDate "2009.04.14"]
[EventType "swiss"]
[EventRounds "5"]
[EventCountry "CAN"]
[SourceTitle "EXT 2011"]
[Source "ChessBase"]
[SourceDate "2010.11.26"]
[SourceVersion "1"]
[SourceVersionDate "2010.11.26"]
[SourceQuality "1"]

1. e4 e6 2. Nf3 d5 3. exd5 exd5 4. d4 Nf6 5. Bd3 Bg4 6. Bg5 Be7 7. Nbd2 h6 8. Be3 Nbd7 9. c3 c6 10. Qc2 Qc7 11. Nh4 g6 12. Bxg6 0-0-0 13. Bxf7 Rdf8 14. Ng6 Rxf7 15. Nxh8 Rg7 16. Ng6 Bd6 17. Nh4 Bxh2 18. Bxh6 Rg8 19. Be3 Ne4 20. Nxe4 dxe4 21. Qxe4 Nf6 22. Qd3 Re8 23. Kd2 Ne4+ 24. Kc2 Nxf2 25. Bxf2 Re2+ 26. Kb1 Rxf2 27. Rf1 Qf4 28. Re1 Qf7 29. Qe4 Bd7 30. Qe7 Qf4 31. a3 Qd2 32. Ra2 Qd3+ 33. Ka1 Rf1 34. Nf3 Qd1+ 35. Rxd1 Rxd1# 0-1

[Event "Gatineau Maisonneuve Memorial"]
[Site "Gatineau"]
[Date "2008.11.11"]
[Round "4"]
[White "Menard, Marc"]
[Black "Thibault, David"]
[Result "0-1"]
[WhiteElo "1576"]
[BlackElo "1680"]
[PlyCount "102"]
[EventDate "2008.10.21"]
[EventType "swiss"]
[EventRounds "5"]
[EventCountry "CAN"]
[SourceTitle "EXT 2011"]
[Source "ChessBase"]
[SourceDate "2010.11.26"]
[SourceVersion "1"]
[SourceVersionDate "2010.11.26"]
[SourceQuality "1"]

1. e4 e5 2. Nf3 Nc6 3. Bb5 Bc5 4. 0-0 Nge7 5. Nxe5 Nxe5 6. d4 c6 7. Ba4 Bd6 8. dxe5 Bxe5 9. Nd2 0-0 10. Nf3 Bc7 11. c4 d6 12. Bf4 Ng6 13. Bg3 Qe7 14. Re1 f6 15. h3 Be6 16. Qc2 Ne5 17. Nd4 Bf7 18. Nf5 Qd7 19. Bb3 Be6 20. c5 dxc5 21. Bxe6+ Qxe6 22. b3 Rad8 23. Rad1 Bb6 24. Bxe5 Qxe5 25. Qc4+ Kh8 26. Rxd8 Rxd8 27. Qf7 Qc7 28. Qe6 Qd7 29. Qxd7 Rxd7 30. Re2 Bc7 31. g3 Be5 32. Kg2 Bd4 33. Rd2 g6 34. Ne3 Kg7 35. f4 Kf7 36. Kf3 Ke7 37. Nc4 b5 38. Na5 Rc7 39. Rc2 Kd7 40. Rd2 Kc8 41. b4 a6 42. Rc2 c4 43. Ke2 Bb6 44. Rd2 Bxa5 45. bxa5 Rd7 46. Ke3 Rxd2 47. Kxd2 Kd7 48. Kc3 c5 49. a3 Kd6 50. g4 g5 51. fxg5 fxg5 0-1

[Event "Quebec-ch qual"]
[Site "Gatineau"]
[Date "2008.03.18"]
[Round "2"]
[White "Arsenault, Yves"]
[Black "Thibault, David"]
[Result "1/2-1/2"]
[WhiteElo "1534"]
[BlackElo "1224"]
[PlyCount "78"]
[EventDate "2008.03.11"]
[EventType "swiss"]
[EventRounds "5"]
[EventCountry "CAN"]
[SourceTitle "EXT 2011"]
[Source "ChessBase"]
[SourceDate "2010.11.26"]
[SourceVersion "1"]
[SourceVersionDate "2010.11.26"]
[SourceQuality "1"]

1. e4 e5 2. Nf3 Nc6 3. Bc4 h6 4. b3 Bc5 5. Bb2 d6 6. Nc3 Nf6 7. h3 a6 8. Nd5 Nxe4 9. d4 Ba7 10. 0-0 f6 11. Nh4 h5 12. Qd3 f5 13. Nf3 b5 14. Bxb5 axb5 15. dxe5 dxe5 16. Nxe5 Nxe5 17. Bxe5 c6 18. Nc7+ Ke7 19. Nxa8 Rg8 20. Rad1 Qe8 21. Bc7 g5 22. Nb6 Be6 23. f3 Nf6 24. Rfe1 Nd5 25. Qxf5 Nxc7 26. Qc5+ Kf7 27. Rd6 Rg6 28. Qxc6 Qxc6 29. Rxc6 Nd5 30. c4 bxc4 31. bxc4 Bxb6+ 32. Kh1 Ba5 33. Rb1 Ne7 34. Rc5 Bd2 35. a4 Bf4 36. Rb7 Ke8 37. Rb6 Kd8 38. a5 Bc8 39. Rxg6 Nxg6 1/2-1/2